书目信息 |
| 题名: |
经济预测与决策
|
|
| 作者: | 吴仁群 主编 | |
| 分册: | ||
| 出版信息: | 北京 中国人民大学出版社 2011 |
|
| 页数: | 212页 | |
| 开本: | 26cm | |
| 丛书名: | ||
| 单 册: | ||
| 中图分类: | F201 , F202 | |
| 科图分类: | ||
| 主题词: | 经济预测--高等学校--教材 , 经济决策--高等学校--教材 , 经济预测 , 经济决策 | |
| 电子资源: | ||
| ISBN: | 978-7-300-13670-7 | |
| 000 | 01029nlm0 2200301 450 | |
| 001 | 523 | |
| 005 | 20140908163132.45 | |
| 010 | @a978-7-300-13670-7@dCNY25.00 | |
| 100 | @a20111129d2011 em y0chiy50 ea | |
| 101 | 0 | @achi |
| 102 | @aCN@b110000 | |
| 105 | @ay z 000yy | |
| 106 | @ar | |
| 200 | 1 | @a经济预测与决策@AJing Ji Yu Ce Yu Jue Ce@dEconomy prediction and decision@f吴仁群主编@FWu Ren Qun Zhu Bian@zeng |
| 210 | @a北京@c中国人民大学出版社@d2011 | |
| 215 | @a212页@d26cm | |
| 325 | @a电子复制品 | |
| 330 | @a本书内容包括:统计基础、经济预测概述、定性预测方法、趋势外推预测法、确定型时间序列预测法、随机型时间序列预测法、马尔科夫预测法、决策和常用决策方法及应用等。 | |
| 510 | 1 | @aEconomy prediction and decision@zeng |
| 606 | 0 | @a经济预测@x高等学校@j教材 |
| 606 | 0 | @a经济决策@x高等学校@j教材 |
| 606 | 0 | @a经济预测 |
| 606 | 0 | @a经济决策 |
| 690 | @aF201@v5 | |
| 690 | @aF202@v5 | |
| 701 | 0 | @a吴仁群@AWu Ren Qun@C(程序员)@4主编 |
| 801 | 0 | @aCN@bTANGWEI@c20140603 |
| 905 | @b0842198-200@dF201@e86@f3 | |
| 经济预测与决策=Economy prediction and decision/吴仁群主编.-北京:中国人民大学出版社,2011 |
| 212页;26cm |
| ISBN 978-7-300-13670-7:CNY25.00 |
| 本书内容包括:统计基础、经济预测概述、定性预测方法、趋势外推预测法、确定型时间序列预测法、随机型时间序列预测法、马尔科夫预测法、决策和常用决策方法及应用等。 |
| ● |
| 相关链接 |
|
|
|
|
正题名:经济预测与决策
索取号:F201/86
 
预约/预借
| 序号 | 登录号 | 条形码 | 馆藏地/架位号 | 状态 | 备注 |
| 1 | 0842198 | 208421983 | 第一样本阅览室/ [索取号:F201/86] | 在馆 | |
| 2 | 0842199 | 208421992 | 经管系资料室/ [索取号:F201/86] | 在馆 | |
| 3 | 0842200 | 208422009 | 第一借阅区/ [索取号:F201/86] | 在馆 |